000 00825nam a22002057a 4500
999 _c196334
_d196334
005 20230714120755.0
010 _aB-754570-590 CHEN 25.5.23
020 _a9788181534808(Pt.1)
_c290.00
035 _aB-754570-590
037 _bRainbow Books
082 _a507.8
245 _aRainbow 101 Science Projects /
_cedited and compiled by Aakanksha
260 _aDelhi
_bRainbow Books
_c2019(repr.)
270 _aF-32, Street No.12, Parwana Road, Jagat Puri,
_b Delhi
_e110051
300 _a112p.
_c25cm(Hb)
_bcol.ill.
490 _v1
700 _aAakanksha
942 _2ddc
_cCH
_mRAI
_h507.8